Dorcas golden jubilee souvenir 1950-2000 (Record no. 7729)

MARC details
000 -LEADER
fixed length control field 00387nam a22001577a 4500
003 - CONTROL NUMBER IDENTIFIER
control field GBCCL
005 - DATE AND TIME OF LATEST TRANSACTION
control field 20241126110635.0
008 - FIXED-LENGTH DATA ELEMENTS--GENERAL INFORMATION
fixed length control field 180913b ||||| |||| 00| 0 eng d
040 ## - CATALOGING SOURCE
Transcribing agency gbc
082 ## - DEWEY DECIMAL CLASSIFICATION NUMBER
Classification number SOU DOR
Item number 2000
100 ## - MAIN ENTRY--PERSONAL NAME
Personal name Dimzangai , editor
9 (RLIN) 13534
245 ## - TITLE STATEMENT
Title Dorcas golden jubilee souvenir 1950-2000
260 ## - PUBLICATION, DISTRIBUTION, ETC.
Place of publication, distribution, etc. Lamka:
Name of publisher, distributor, etc. EBC,
Date of publication, distribution, etc. 2000
300 ## - PHYSICAL DESCRIPTION
Extent 147p. ;
942 ## - ADDED ENTRY ELEMENTS (KOHA)
Source of classification or shelving scheme Dewey Decimal Classification
Koha item type Archives
Holdings
Withdrawn status Lost status Source of classification or shelving scheme Damaged status Not for loan Home library Current Library Shelving location Date acquired Total checkouts Full call number Barcode Date last seen Copy number Price effective from Koha item type
    Dewey Decimal Classification     GRACE BIBLE COLLEGE GRACE BIBLE COLLEGE Archives 2018-09-13   SOU DOR 2000 250112 2025-05-01 c.1 2018-09-13 Archives
    Dewey Decimal Classification     GRACE BIBLE COLLEGE GRACE BIBLE COLLEGE Archives 2018-09-13   SOU DOR 2000 250113 2025-05-01 c.2 2018-09-13 Archives
    Dewey Decimal Classification     GRACE BIBLE COLLEGE GRACE BIBLE COLLEGE Archives 2022-04-27   SOU DOR 2000 250244 2025-05-01 c.3 2022-04-27 Archives
© Grace Bible College Library 2025